000 00586nam a2200205Ia 4500
003 GCL
008 140319s9999 xx 000 0 ara d
040 _aGCL /
_cGCL
082 0 4 _a346.09
100 1 _aحامد الشريف
245 1 0 _aالدفوع فى الشيك /
_cحامد الشريف
260 _a[S.N] :
_bدار الفكر الجامعى ،
_c1994
300 _a270 ص
490 _a
650 0 4 _aالقانون
650 0 4 _aالشيكات
650 0 4 _aالقانون المدنى
650 0 4 _aقانون الاجراءات الجنائية
942 _2ddc
_cBK
999 _c53836
_d53836